Ecuries F1 images - Statistiques

Statistiques générales
  • Ce quiz a été pris 61 fois
  • Le résultat moyen est 11 sur 16
Statistiques - réponses
Par images Réponse % Correct
Mercedes
98%
Redbull
98%
Ferrari
90%
Mclaren
90%
Haas
87%
Renault
85%
Alpine
83%
Kick sauber
81%
Toro rosso
81%
Alfa romeo
71%
Force india
69%
Benetton
63%
BMW
56%
Marussia
33%
Manor
21%
Caterham
17%
Aucun quiz correspondant
Distribution des résultats
% des personnes avec chaque résultat
Percentile par nombre de réponses
Votre historique - résultats
Vous n’avez pas pris ce quiz